000 00657nam a2200217 i 4500
001 30911
003 ES-MaACL
005 20250927162913.0
007 t|
008 030127s1972 sp f |||| | spa d
100 1 _aBazin, Germain.
_926749
245 1 0 _aHistoria de la escultura mundial /
_cG. Bazin ; [traducido por Juan Vinyes y Esteban Riambau].
250 _a1ª ed.
260 _aBarcelona :
_bBlume,
_c1972.
300 _a469 p., 180 lám. ;
_c34 cm.
650 4 _aEscultura-
_vHistoria.
_9151066
700 1 _aVinyes, Juan.
_9115350
700 1 _aRiambau, Esteve,
_d1925-1994
_9156353
852 _aES-MaACL
_jC-47202
999 _c30911
_d30911